Sports Quiz

Random Sports or MLB Quiz
Score 0/100 Timer 10:00
0 Plays Today
Rank Player % Correct
1Mike Trout
100%
70Josh Bell
100%
2Christian Yelich
98.7%
3Cody Bellinger
98.7%
4Mookie Betts
98.7%
5Alex Bregman
97.4%
9Nolan Arenado
96.1%
7Gerrit Cole
94.8%
8Jacob deGrom
94.8%
14Max Scherzer
94.8%
16Aaron Judge
94.8%
17José Altuve
94.8%
6Anthony Rendon
93.5%
13Justin Verlander
93.5%
19Matt Chapman
93.5%
33Bryce Harper
93.5%
75Aroldis Chapman
93.5%
10Francisco Lindor
92.2%
11Juan Soto
92.2%
12Ronald Acuña
92.2%
18George Springer
90.9%
23Javier Báez
90.9%
20Stephen Strasburg
89.6%
21Trevor Story
89.6%
34Kris Bryant
89.6%
39Anthony Rizzo
89.6%
15Freddie Freeman
88.3%
24Pete Alonso
88.3%
62Chris Sale
84.4%
22Xander Bogaerts
83.1%
27J.D. Martinez
83.1%
59Manny Machado
81.8%
31Gleyber Torres
80.5%
54Justin Turner
80.5%
Rank Player % Correct
76Trea Turner
80.5%
25Ketel Marte
79.2%
29Walker Buehler
79.2%
46Paul Goldschmidt
79.2%
63GIancarlo Stanton
79.2%
32Fernando Tatis Jr.
77.9%
61Clayton Kershaw
77.9%
26Josh Donaldson
76.6%
96José Abreu
76.6%
28Jack Flaherty
75.3%
38Matt Olson
75.3%
55Ozzie Albies
75.3%
30Marcus Semien
74%
43Carlos Correa
74%
51Nelson Cruz
74%
100Vladimir Guerrero Jr.
74%
40Rafael Devers
72.7%
36Max Muncy
71.4%
42Yasmani Grandal
71.4%
50José Ramírez
71.4%
85Charlie Blackmon
71.4%
37DJ LeMahieu
70.1%
48Patrick Corbin
70.1%
82Blake Snell
70.1%
53Hyun-Jin Ryu
68.8%
66Zack Greinke
67.5%
99Bo Bichette
67.5%
52Charlie Morton
66.2%
56Whit Merrifield
66.2%
47Mike Clevinger
64.9%
88Jorge Polanco
64.9%
41JT Realmuto
63.6%
44Michael Brantley
63.6%
72Max Kepler
63.6%
Rank Player % Correct
81Aaron Nola
63.6%
90Miguel Sanó
63.6%
80Gary Sánchez
62.3%
89Mitch Garver
62.3%
60Yoán Moncada
61%
64Joey Gallo
61%
83Luis Severino
61%
45Austin Meadows
59.7%
49Jeff McNeil
59.7%
58Shane Bieber
59.7%
77Cory Seager
59.7%
91Luis Castillo
58.4%
69Jorge Soler
55.8%
65Yordan Alvarez
54.5%
95Tim Anderson
53.2%
57Shohei Ohtani
51.9%
68Tommy Pham
51.9%
78Michael Conforto
51.9%
86Carlos Santana
51.9%
79Willson Contreras
50.6%
93Mike Moustakas
49.4%
67Mike Soroka
48.1%
71Nick Castellanos
46.8%
98Joc Pederson
46.8%
74Josh Hader
45.5%
87Eduardo Escobar
42.9%
97Eloy Jiménez
41.6%
73Kirby Yates
40.3%
84Ramón Laureano
35.1%
92Tyler Glasnow
35.1%
35Eugenio Suárez
29.9%
94Keston Hiura
28.6%
Remove Ads.
Support Sporcle.
Get the best of Sporcle when you Go Orange. This ad-free experience offers more features, more stats, and more fun while also helping to support Sporcle. Thank you for becoming a member.

You're not logged in!

Compare scores with friends on all Sporcle quizzes.
OR
Log In

Sporcle TV

Today on Sporcle TV


Watch our educational content, quiz creation guides, and fun videos on Sporcle TV.

Show Comments

Extras

Top Quizzes Today


Score Distribution

Paid Content

Your Account Isn't Verified!

In order to create a playlist on Sporcle, you need to verify the email address you used during registration. Go to your Sporcle Settings to finish the process.

Report this User

Report this user for behavior that violates our Community Guidelines.

Details: